Statistiche per Paesi Casuali sulla Mappa del Mondo

Clicka qui per fare il quiz!

Statistiche generali

  • Questo quiz è stato fatto 56.210 volte
  • Il punteggio medio è 14 su 20

Risposte nella Mappa

Le risposte nella mappa del quiz sottostante sono codificate secondo una scala di colori dal rosso al verde in base alla % di persone che hanno risposto correttamente.
 

Statistiche sulle risposte

Paese% Corretto
Canada
99%
Francia
99%
Russia
99%
Spagna
99%
Stati Uniti
99%
Brasile
98%
Germania
98%
Italia
98%
Messico
98%
Regno Unito
98%
Australia
97%
Cina
97%
Irlanda
97%
Norvegia
96%
Polonia
96%
Portogallo
96%
Svezia
96%
Argentina
95%
Danimarca
95%
India
95%
Islanda
95%
Svizzera
95%
Finlandia
94%
Giappone
94%
Grecia
94%
Marocco
94%
Sudafrica
94%
Turchia
94%
Ucraina
94%
Austria
93%
Cile
93%
Egitto
93%
Madagascar
93%
Malta
93%
Paesi Bassi
93%
Algeria
92%
Croazia
92%
Arabia Saudita
91%
Belgio
91%
Mongolia
91%
Estonia
90%
Lettonia
90%
Lituania
90%
Slovenia
90%
Albania
89%
Libia
89%
Tunisia
89%
Bielorussia
88%
Corea del Nord
88%
Perù
88%
Romania
88%
Colombia
87%
Corea del Sud
87%
Repubblica Ceca
87%
Bosnia ed Erzegovina
86%
Cuba
86%
Venezuela
86%
Indonesia
85%
Nuova Zelanda
85%
Paraguay
85%
Slovacchia
85%
Città del Vaticano
84%
Serbia
84%
Andorra
83%
Iran
83%
Kazakistan
83%
Macedonia del Nord
83%
Montenegro
83%
San Marino
83%
Bolivia
82%
Bulgaria
82%
Monaco
82%
Repubblica Democratica del Congo
82%
Ungheria
82%
Cipro
81%
Filippine
81%
Iraq
80%
Lussemburgo
80%
Pakistan
80%
Kosovo
79%
Moldavia
79%
Uruguay
79%
Oman
78%
Panama
78%
Somalia
78%
Sri Lanka
78%
Vietnam
78%
Yemen
78%
Ecuador
76%
Israele
76%
Nepal
76%
Etiopia
75%
Georgia
75%
Siria
75%
Niger
74%
Papua Nuova Guinea
74%
Sudan
74%
Thailandia
74%
Emirati Arabi Uniti
72%
Taiwan
72%
Afghanistan
70%
Laos
70%
Cambogia
69%
Capo Verde
69%
Qatar
69%
Ciad
68%
Eritrea
68%
Guyana
68%
Lesotho
68%
Malesia
68%
Uzbekistan
68%
Libano
67%
Maldive
67%
Nigeria
67%
Bahamas
66%
Giordania
66%
Mali
66%
Armenia
65%
Azerbaijan
65%
Suriname
65%
Bangladesh
64%
Haiti
64%
Mauritania
64%
Nicaragua
64%
Guatemala
63%
Kenya
63%
Liechtenstein
63%
Turkmenistan
63%
Angola
62%
Birmania
62%
Mozambico
62%
Senegal
61%
Seychelles
61%
Honduras
60%
Namibia
60%
Repubblica Centrafricana
60%
Tanzania
60%
Costa Rica
59%
El Salvador
59%
Ghana
59%
Repubblica del Congo
59%
Singapore
59%
Sud Sudan
59%
Tagikistan
59%
Togo
59%
Bhutan
58%
Botswana
58%
Costa d'Avorio
57%
Giamaica
57%
Repubblica Dominicana
57%
Swaziland
57%
Guinea
56%
Kuwait
56%
Belize
55%
Mauritius
55%
Zimbabwe
55%
Figi
54%
Uganda
54%
Stati Federati di Micronesia
53%
Gibuti
52%
Kirghizistan
52%
Zambia
52%
Bahrain
50%
Sierra Leone
50%
Brunei
49%
Burkina Faso
49%
Burundi
49%
Camerun
49%
Comoros
49%
Guinea Equatoriale
49%
Isole Salomone
49%
Liberia
49%
Ruanda
49%
Sao Tome e Principe
49%
Benin
48%
Guinea-Bissau
48%
Santa Lucia
48%
Gabon
47%
Palau
45%
Timor Est
45%
Trinidad e Tobago
45%
Isole Marshall
44%
Kiribati
44%
Malawi
43%
Tonga
43%
Gambia
42%
Samoa
42%
Antigua e Barbuda
41%
Saint Kitts e Nevis
41%
Nauru
40%
Tuvalu
40%
Vanuatu
40%
Barbados
39%
Saint Vincent e Grenadine
39%
Dominica
35%
Grenada
35%

Distribuzione punteggi

Percentile per numero di risposta

Percentuale di utenti per punteggio

I tuoi punteggi nel tempo

Non hai fatto questo quiz